000 00270nam a2200109Ia 4500
008 190907s9999||||xx |||||||||||||| ||und||
100 _aChristopher, Gila Falkus
245 0 _aLife Behind The Great Wall
260 _aUSA
_bMcGraw Hill
_c1996
300 _a356
942 _cBK
999 _c6419
_d6419